Технология командной разработки программного обеспечения / ДО 2019 (09.03.04): электронный курс

Bibliographische Detailangaben
1. Verfasser: Савельев А. О. Алексей Олегович
Körperschaft: Национальный исследовательский Томский политехнический университет Инженерная школа информационных технологий и робототехники Отделение информационных технологий
Zusammenfassung:Заглавие с экрана
Основной целью курса является формирование знаний и навыков в области современных методологий и инструментов командной разработки программного обеспечения. Курс ориентирован на 8-9 семестр подготовки в рамках образовательной программы «Разработка программно-информационных систем» направления подготовки бакалавриата 09.03.04 Программная инженерия. В курсе раскрываются вопросы организации работ в соответствии с Agile-методологиями разработки, включая Scrum и Kanban. Особое внимание уделяется вопросам командообразования, в том числе предпосылкам для формирования команд и соответствующим ограничениям.
Интерактивный мультимедиа ресурс
AM_Login_TPU
Sprache:Russisch
Veröffentlicht: Томск, TPU Moodle, 2023
Schlagworte:
Online-Zugang:https://design.lms.tpu.ru/course/view.php?id=4849
Format: Elektronisch Buch
KOHA link:https://koha.lib.tpu.ru/cgi-bin/koha/opac-detail.pl?biblionumber=670835

MARC

LEADER 00000nlm0a2200000 4500
001 670835
005 20240222141640.0
090 |a 670835 
100 |a 20240221d2023 m||y0rusy50 ca 
101 0 |a rus 
102 |a RU 
105 |a a j 000yy 
135 |a jrcn ---uucaa 
181 0 |a i   |b  e  
182 0 |a b 
183 0 |a cr  |2 RDAcarrier 
200 1 |a Технология командной разработки программного обеспечения / ДО 2019 (09.03.04)  |e электронный курс  |f А. О. Савельев  |g Национальный исследовательский Томский политехнический университет, Отделение информационных технологий 
203 |a Текст  |c электронный  |b визуальный 
210 |a Томск  |c TPU Moodle  |d 2023 
283 |a online_resource  |2 RDAcarrier 
300 |a Заглавие с экрана 
330 |a Основной целью курса является формирование знаний и навыков в области современных методологий и инструментов командной разработки программного обеспечения. Курс ориентирован на 8-9 семестр подготовки в рамках образовательной программы «Разработка программно-информационных систем» направления подготовки бакалавриата 09.03.04 Программная инженерия. В курсе раскрываются вопросы организации работ в соответствии с Agile-методологиями разработки, включая Scrum и Kanban. Особое внимание уделяется вопросам командообразования, в том числе предпосылкам для формирования команд и соответствующим ограничениям. 
336 |a Интерактивный мультимедиа ресурс 
371 |a AM_Login_TPU 
606 1 |a Программное обеспечение  |x Разработка  |9 85177 
610 1 |a электронный ресурс 
610 1 |a труды учёных ТПУ 
610 1 |a электронное обучение 
610 1 |a кампусные онлайн-курсы 
610 1 |a дистанционное образование 
610 1 |a дистанционное обучение 
610 1 |a e-learning 
610 1 |a Moodle 
675 |a 004.415(07)  |v 4  |z rus 
700 1 |a Савельев  |b А. О.  |c специалист в области информатики и вычислительной техники  |c доцент Томского политехнического университета, кандидат технических наук  |f 1987-  |g Алексей Олегович  |9 14842 
712 0 2 |a Национальный исследовательский Томский политехнический университет  |b Инженерная школа информационных технологий и робототехники  |b Отделение информационных технологий  |9 28331 
801 0 |a RU  |b 63413507  |c 20240221  |g RCR 
850 |a 63413507 
856 4 |u https://design.lms.tpu.ru/course/view.php?id=4849  |z https://design.lms.tpu.ru/course/view.php?id=4849 
942 |c CF